000 00883nam a22002897a 4500
003 CHAP
005 20220329140911.0
008 971013s1986 r 00010 d
010 _a59522
011 _a60494
035 _a64656
040 _cCHAP
082 _a001.603
_bD52 1986
245 _aDictionary of computing
250 _a2 ed.
260 _aOxford :
_bOxford University,
_c1986
300 _a416 p.
590 _aBATCH-UPD
_b10
_c20130110
_lUCH01
_h0642
590 _aBATCH-UPD
_b10
_c20130410
_lUCH01
_h0326
590 _aBATCH-UPD
_b10
_c20130914
_lUCH01
_h1022
590 _aCONVERSION
_b10
_c20130109
_lUCH01
_h1332
650 1 4 _aComputación
_xDiccionarios.
_926124
650 1 4 _aProcesamiento automático de datos
_xDiccionarios.
_991740
901 _aBK
942 _cLIBRO
949 _a001.603 D52 1986
_bBC
_cC
_d33724000479648
_eC
_gI. 136577
_h72099
_i64656
_si
_t21.73
999 _c59522
_d59522